00682nam a2200157 a 4500008004100000050002400041110004700065245018800112260003700300300001600337350000900353500006300362650003200425650003500457650003200492090508s1949 ||||||||||||||||| || u aGOV.ZAM(058)FR/1948 aGovernment of the Republic of Zambia (GRZ)10aNorthern Rhodesia annual financial report by the Accountant-General for the year ended 31st December, (1949, 1948, 1950, 1952, 1953, 1960, 1961)cpresented to the Legislative Assembly aLusakabGovernment Printerc1949 a106p.: ill. a0.00 aLIBRARY HOLDINGS: 1949, 1948, 1950, 1952, 1953, 1960, 1961 0aAFRICA--ECONOMIC CONDITIONS aECONOMIC DEVELOPMENT--PLANNING aZAMBIA--ECONOMIC CONDITIONS